6 to 1: Oceania Quiz Stats

 Plays Quiz Updated Jan 7, 2019

Support Sporcle.
Go Orange.
Score 0/21 Timer 03:00
0 Plays Today
Answer % Correct
Indonesia
80.7%
Queensland
78.7%
Nauru
78%
New South Wales
77.2%
Tuvalu
77%
Micronesia
76.7%
Palau
76.1%
Tasmania
75.6%
Micronesia
75%
Western Australia
72.3%
Marshall Islands
68.3%
Answer % Correct
Australasia
67%
North Island
66.6%
Victoria
64.4%
South Island
62%
Port Moresby
55.7%
Polynesia
53%
South Australia
46.9%
New Guinea
43.3%
Melanesia
38.3%
Lae
9.9%

You're not logged in!

Compare scores with friends on all Sporcle quizzes.
OR
Log In
Forgot?

From the Vault

Mirror Mirror Movies

by Larryholmes79

Movies 6m
Some movies just seem to mirror our lives, you know?
Remove Ads.
Support Sporcle.
Get the best of Sporcle when you Go Orange. This ad-free experience offers more features, more stats, and more fun while also helping to support Sporcle. Thank you for becoming a member.

Show Comments

Extras

Top Quizzes Today


Score Distribution

Your Account Isn't Verified!

In order to create a playlist on Sporcle, you need to verify the email address you used during registration. Go to your Sporcle Settings to finish the process.

Report this User

Report this user for behavior that violates our Community Guidelines.

Details: